MARC

LEADER 00000nam0a2200000 4500
001 318842
005 20231102003123.0
035 |a (RuTPU)RU\TPU\book\344344 
090 |a 318842 
100 |a 20160506d1963 m y0rusy50 ca 
101 0 |a rus 
102 |a UA 
105 |a a j 001zy 
200 1 |a Техника высоких напряжений. Спецвопросы  |e учебное пособие  |f И. К. Федченко 
210 |a Киев  |c Гостехиздат  |d 1963 
215 |a 320 с.  |c ил. 
320 |a Библиогр.: с. 317-318 
606 1 |a Техника высоких напряжений  |2 stltpush  |3 (RuTPU)RU\TPU\subj\60029  |9 77519 
610 1 |a учебные пособия 
610 1 |a трансформаторы 
610 1 |a испытательные трансформаторы 
610 1 |a расчет 
610 1 |a характеристики 
610 1 |a каскад 
610 1 |a реактивность 
610 1 |a промышленная частота 
610 1 |a двигатель-генераторные установки 
610 1 |a испытания 
675 |a 621.3.027.3(075.8)  |v 4 
700 1 |a Федченко  |b И. К.  |g Иван Кириллович 
801 1 |a RU  |b 63413507  |c 20160506 
801 2 |a RU  |b 63413507  |c 20160516  |g RCR 
942 |c BK